| 000 | 00359nam a2200121Ia 4500 | ||
|---|---|---|---|
| 008 | 240731s9999 xx 000 0 und d | ||
| 022 | _a1470-1340 | ||
| 245 | 0 | _aTourism Geographies : An International Journal of Tourism Space, Place and Environment | |
| 260 | _bRoutledge | ||
| 856 | _uhttps://www.tandfonline.com/loi/rtxg20 | ||
| 942 | _2ddc | ||
| 942 | _cTFEJ | ||
| 999 |
_c80152 _d80152 |
||
| 945 |
_a1 _bMadushi Gamage _c1 _dMadushi Gamage |
||